[Event "GER-ch U12 Girls"]
[Site "Willingen"]
[Date "2017.06.09"]
[Round "10"]
[White "Butenandt, Svenja"]
[Black "Stowicek, Yara Mathilda"]
[Result "1-0"]
[WhiteElo "1573"]
[BlackElo "1542"]
[PlyCount "119"]
[EventDate "2017.06.04"]
[EventType "swiss"]
[EventRounds "11"]
[EventCountry "GER"]
[SourceTitle "CBM 178 Extra"]
[Source "ChessBase"]
[SourceDate "2017.06.22"]
[SourceVersion "1"]
[SourceVersionDate "2017.06.22"]
[SourceQuality "1"]

1. e4 e5 2. Bc4 Nf6 3. d3 c6 4. Nf3 d5 5. Bb3 Bd6 6. exd5 Nxd5 7. 0-0 0-0 8. Re1 Nd7 9. Bg5 Qc7 10. Nbd2 Nc5 11. Nc4 Nxb3 12. axb3 f6 13. Nxd6 Qxd6 14. Bh4 Bg4 15. Re4 Bf5 16. Re2 Nf4 17. Rd2 a6 18. Bg3 Nh5 19. d4 Nxg3 20. dxe5 Qe7 21. hxg3 fxe5 22. Re2 e4 23. Nd2 Rad8 24. Qe1 Qf6 25. c3 Rde8 26. Ra4 Qg5 27. Nxe4 Bxe4 28. Raxe4 Rxe4 29. Rxe4 Qd5 30. c4 Qd3 31. Re3 Qc2 32. Re8 Qf5 33. Rxf8+ Kxf8 34. Qb4+ Kg8 35. Qxb7 Qd3 36. Kh2 Qf5 37. f3 Qh5+ 38. Kg1 Qc5+ 39. Kf1 Qd4 40. Qc8+ Kf7 41. Qf5+ Kg8 42. Qe4 Qd1+ 43. Kf2 Qd2+ 44. Qe2 Qd4+ 45. Kf1 Kf7 46. f4 c5 47. Qh5+ Kf6 48. Qg5+ Kf7 49. Qf5+ Kg8 50. Qd5+ Qxd5 51. cxd5 Kf7 52. Ke2 Ke7 53. Kd3 Kd6 54. Kc4 g6 55. g4 h6 56. f5 gxf5 57. gxf5 h5 58. f6 h4 59. f7 Ke7 60. Kxc5 1-0